[Event "DVM U20 2022"]
[Site "Münster GER"]
[Date "2022.12.27"]
[Round "2"]
[White "Prieb, Robert"]
[Black "Gallasch, Jonas"]
[Result "0-1"]
[Termination "normal"]
[Board "2.3"]
[WhiteTitle "CM"]
[WhiteElo "2114"]
[BlackElo "2282"]
[WhiteClock "00:03:53"]
[BlackClock "00:22:52"]
[WhiteTeam "Schachgesellschaft Bochum 1931"]
[BlackTeam "Schachgemeinschaft Porz e. V."]
[PlyCount "60"]
[WhiteFideId "16212002"]
[BlackFideId "16222474"]
[EventCountry "GER"]
[EventRounds "7"]
[EventType "team-swiss"]
[EventDate "2022.12.26"]

1. d4 {[%emt 0:00:04]} d6 {[%emt 0:00:11]} 2. Nf3 {[%emt 0:00:35]} g6 {[%emt
0:00:07]} 3. c4 {[%emt 0:00:49]} Bg7 {[%emt 0:00:06]} 4. Nc3 {[%emt 0:00:54]}
e5 {[%emt 0:00:08]} 5. dxe5 {[%emt 0:03:31]} dxe5 {[%emt 0:00:22]} 6. Qxd8
{[%emt 0:01:22]} Kxd8 {[%emt 0:00:05]} 7. Bg5 {[%emt 0:01:13]} f6 {[%emt
0:00:06]} 8. O-O-O {[%emt 0:01:05]} Ke8 {[%emt 0:00:08]} 9. Nb5 {[%emt
0:08:58]} Na6 {[%emt 0:03:42]} 10. Be3 {[%emt 0:04:05]} Be6 {[%emt 0:09:28]}
11. b3 {[%emt 0:02:24]} Ke7 {[%emt 0:09:11]} 12. g3 {[%emt 0:05:01]} Nh6 {[%emt
0:02:32]} 13. Bxh6 {[%emt 0:10:59]} Bxh6 {[%emt 0:02:23]} 14. Kb2 {[%emt
0:01:27]} c6 {[%emt 0:01:50]} 15. Nc3 {[%emt 0:01:07]} Bg7 {[%emt 0:06:19]} 16.
Bg2 {[%emt 0:05:17]} Rab8 {[%emt 0:03:43]} 17. Rd2 {[%emt 0:03:07]} Nc5 {[%emt
0:07:23]} 18. Rhd1 {[%emt 0:03:13]} a5 {[%emt 0:05:56]} 19. h4 {[%emt 0:05:43]}
Rhc8 {[%emt 0:05:21]} 20. Ne1 {[%emt 0:05:07]} e4 {[%emt 0:12:08]} 21. Nc2
{[%emt 0:06:11]} f5 {[%emt 0:01:04]} 22. Nd4 {[%emt 0:02:40]} b5 {[%emt
0:03:50]} 23. Nxe6 {[%emt 0:07:56]} Kxe6 {[%emt 0:01:02]} 24. Kc2 {[%emt
0:01:39]} bxc4 {[%emt 0:01:24]} 25. bxc4 {[%emt 0:00:49]} Rb4 {[%emt 0:00:48]}
26. Rd6 {[%emt 0:08:01]} Ke7 {[%emt 0:01:06]} 27. Rxc6 {[%emt 0:06:46]} Rxc6
{[%emt 0:00:22]} 28. Nd5 {[%emt 0:00:08]} Ke6 {[%emt 0:01:10]} 29. Nxb4 {[%emt
0:00:28]} axb4 {[%emt 0:00:06]} 30. Rb1 {[%emt 0:00:55]} Ra6 {[%emt 0:00:38]}
0-1

[Event "DVM U20 2022"]
[Site "Münster GER"]
[Date "2022.12.27"]
[Round "2"]
[White "Mohammadi Nia, Borna"]
[Black "Gluma, Christian"]
[Result "1/2-1/2"]
[Termination "normal"]
[Board "2.4"]
[WhiteElo "2139"]
[BlackElo "2069"]
[WhiteClock "00:41:14"]
[BlackClock "00:30:48"]
[WhiteTeam "Schachgemeinschaft Porz e. V."]
[BlackTeam "Schachgesellschaft Bochum 1931"]
[PlyCount "67"]
[WhiteFideId "16207319"]
[BlackFideId "16223209"]
[EventCountry "GER"]
[EventRounds "7"]
[EventType "team-swiss"]
[EventDate "2022.12.26"]

1. e4 {[%emt 0:00:02]} e6 {[%emt 0:00:07]} 2. d4 {[%emt 0:00:04]} d5 {[%emt
0:00:04]} 3. Nc3 {[%emt 0:00:11]} dxe4 {[%emt 0:00:13]} 4. Nxe4 {[%emt
0:00:07]} Nd7 {[%emt 0:00:08]} 5. Nf3 {[%emt 0:00:26]} Ngf6 {[%emt 0:00:06]} 6.
Nxf6 {[%emt 0:00:24]} Nxf6 {[%emt 0:00:06]} 7. Bd3 {[%emt 0:00:11]} c5 {[%emt
0:00:43]} 8. O-O {[%emt 0:00:34]} cxd4 {[%emt 0:02:40]} 9. Nxd4 {[%emt
0:01:02]} Be7 {[%emt 0:03:09]} 10. c3 {[%emt 0:01:41]} O-O {[%emt 0:05:05]} 11.
Bf4 {[%emt 0:01:12]} Qb6 {[%emt 0:08:51]} 12. Qe2 {[%emt 0:01:11]} Bd7 {[%emt
0:10:07]} 13. Rad1 {[%emt 0:03:31]} Rad8 {[%emt 0:06:45]} 14. Be5 {[%emt
0:04:35]} Bc6 {[%emt 0:04:24]} 15. Bb1 {[%emt 0:14:23]} Rd7 {[%emt 0:07:27]}
16. Nxc6 {[%emt 0:11:53]} Qxc6 {[%emt 0:00:27]} 17. Bxf6 {[%emt 0:02:00]} Bxf6
{[%emt 0:02:11]} 18. Be4 {[%emt 0:00:54]} Qc7 {[%emt 0:02:30]} 19. Rxd7 {[%emt
0:01:33]} Qxd7 {[%emt 0:00:08]} 20. Rd1 {[%emt 0:00:05]} Qc7 {[%emt 0:01:52]}
21. g3 {[%emt 0:01:26]} a6 {[%emt 0:04:49]} 22. Qf3 {[%emt 0:02:33]} b5 {[%emt
0:01:47]} 23. Qe2 {[%emt 0:04:46]} Qb6 {[%emt 0:05:13]} 24. Rd7 {[%emt
0:04:05]} g6 {[%emt 0:02:21]} 25. Qf3 {[%emt 0:02:41]} Kg7 {[%emt 0:01:15]} 26.
h4 Rd8 27. Rxd8 Qxd8 28. Bd3 h5 29. Kf1 Qd6 30. a3 Qb6 31. Qe2 Qc6 32. Be4 Qc5
33. Qd3 a5 34. Kg2 1/2-1/2

[Event "DVM U20 2022"]
[Site "Münster GER"]
[Date "2022.12.27"]
[Round "2"]
[White "Hofmann, Benjamin"]
[Black "Gallasch, Robin"]
[Result "0-1"]
[Termination "normal"]
[Board "2.5"]
[WhiteElo "1772"]
[BlackElo "2035"]
[WhiteClock "00:34:29"]
[BlackClock "00:00:50"]
[WhiteTeam "Schachgesellschaft Bochum 1931"]
[BlackTeam "Schachgemeinschaft Porz e. V."]
[PlyCount "108"]
[WhiteFideId "16270266"]
[BlackFideId "16222423"]
[EventCountry "GER"]
[EventRounds "7"]
[EventType "team-swiss"]
[EventDate "2022.12.26"]

1. e4 c6 2. d4 d5 3. exd5 cxd5 4. Bd3 Nc6 5. c3 Qc7 6. Nf3 Bg4 7. Nbd2 e6 8.
O-O Bd6 9. h3 Bh5 10. Re1 Nge7 11. Qc2 Bg6 12. Bxg6 Nxg6 13. Nf1 O-O 14. Ne3 b5
15. a4 b4 16. c4 dxc4 17. Qxc4 Nce7 18. Bd2 Qb7 19. Rac1 Nf4 20. Ne5 Rfd8 21.
Nd3 Rac8 22. Qb3 Ned5 23. Nxd5 Nxd3 24. Nf6 gxf6 25. Qxd3 Rxc1 26. Rxc1 Qd5 27.
Qc4 Qa5 28. b3 Kf8 29. Bh6 Ke7 30. Qc6 Qb6 31. Qxb6 axb6 32. Rc6 Rb8 33. Kf1
Kd7 34. Rc2 b5 35. axb5 Rxb5 36. Ke2 e5 37. dxe5 fxe5 38. Rc4 Ra5 39. Bd2 Ra2
40. Ke3 Rb2 41. Kd3 Rxb3 42. Kc2 Ra3 43. Rh4 Ra2 44. Kc1 b3 45. Bb4 Bxb4 46.
Rxb4 Rxf2 47. Rh4 Rxg2 48. Rxh7 Ke6 49. Rh8 Rh2 50. h4 b2 51. Kb1 f5 52. h5 Kf7
53. h6 f4 54. h7 f3 0-1

[Event "DVM U20 2022"]
[Site "Münster GER"]
[Date "2022.12.27"]
[Round "2"]
[White "Garbuz, Vitaliy"]
[Black "Mätzkow, Maximilian Paul"]
[Result "1/2-1/2"]
[Termination "normal"]
[Board "3.1"]
[BlackTitle "FM"]
[WhiteElo "2147"]
[BlackElo "2281"]
[WhiteClock "00:31:44"]
[BlackClock "00:37:54"]
[WhiteTeam "Schachfreunde Brackel 1930 e. V."]
[BlackTeam "SC Kreuzberg e.V."]
[PlyCount "67"]
[WhiteFideId "12990710"]
[BlackFideId "24679933"]
[EventCountry "GER"]
[EventRounds "7"]
[EventType "team-swiss"]
[EventDate "2022.12.26"]

1. e4 {[%emt 0:00:02]} e6 {[%emt 0:00:05]} 2. d4 {[%emt 0:00:12]} d5 {[%emt
0:00:05]} 3. Nd2 {[%emt 0:00:03]} dxe4 {[%emt 0:00:03]} 4. Nxe4 {[%emt
0:00:07]} Nd7 {[%emt 0:00:04]} 5. Nf3 {[%emt 0:00:07]} Ngf6 {[%emt 0:00:04]} 6.
Nxf6 {[%emt 0:00:05]} Nxf6 {[%emt 0:00:04]} 7. Be3 {[%emt 0:00:10]} Bd6 {[%emt
0:00:06]} 8. Be2 {[%emt 0:02:11]} Nd5 {[%emt 0:00:24]} 9. Bd2 {[%emt 0:13:28]}
c5 {[%emt 0:01:18]} 10. O-O {[%emt 0:00:57]} O-O {[%emt 0:00:32]} 11. c4 {[%emt
0:03:11]} Nf6 {[%emt 0:03:40]} 12. h3 {[%emt 0:03:32]} b6 {[%emt 0:02:27]} 13.
Be3 {[%emt 0:00:25]} Qc7 {[%emt 0:01:54]} 14. dxc5 {[%emt 0:01:43]} Bxc5 {[%emt
0:01:49]} 15. Bxc5 {[%emt 0:00:20]} Qxc5 {[%emt 0:00:05]} 16. Qd4 {[%emt
0:00:22]} Qxd4 {[%emt 0:09:52]} 17. Nxd4 {[%emt 0:00:12]} Bb7 {[%emt 0:00:08]}
18. Rfd1 {[%emt 0:05:48]} Rfd8 {[%emt 0:00:58]} 19. Rac1 {[%emt 0:02:05]} Kf8
{[%emt 0:02:44]} 20. Bf3 {[%emt 0:01:56]} Bxf3 {[%emt 0:01:42]} 21. Nxf3 {[%emt
0:00:11]} Ke7 {[%emt 0:06:26]} 22. Ne5 {[%emt 0:00:33]} Rdc8 {[%emt 0:00:29]}
23. b4 {[%emt 0:02:19]} a5 {[%emt 0:02:02]} 24. a3 {[%emt 0:05:13]} axb4 {[%emt
0:00:06]} 25. axb4 {[%emt 0:00:07]} g5 {[%emt 0:11:33]} 26. Ra1 {[%emt
0:01:46]} Rxa1 {[%emt 0:04:25]} 27. Rxa1 {[%emt 0:00:17]} Rc7 {[%emt 0:04:25]}
28. Ra6 {[%emt 0:17:32]} Kd6 {[%emt 0:04:39]} 29. Nf3 {[%emt 0:02:22]} Rxc4
{[%emt 0:00:54]} 30. Rxb6 {[%emt 0:00:10]} Kc7 {[%emt 0:00:47]} 31. Ra6 {[%emt
0:03:03]} Kb7 {[%emt 0:03:35]} 32. Rd6 {[%emt 0:02:28]} Kc7 {[%emt 0:01:54]}
33. Ra6 {[%emt 0:00:49]} Kb7 {[%emt 0:00:06]} 34. Rd6 {[%emt 0:01:42]} 1/2-1/2

[Event "DVM U20 2022"]
[Site "Münster GER"]
[Date "2022.12.27"]
[Round "2"]
[White "Kartsev, Nikolay"]
[Black "Hommel, Niclas"]
[Result "1-0"]
[Termination "normal"]
[Board "3.3"]
[WhiteElo "2074"]
[BlackElo "2002"]
[WhiteClock "00:04:33"]
[BlackClock "00:04:27"]
[WhiteTeam "Schachfreunde Brackel 1930 e. V."]
[BlackTeam "SC Kreuzberg e.V."]
[PlyCount "91"]
[WhiteFideId "12939536"]
[BlackFideId "12974927"]
[EventCountry "GER"]
[EventRounds "7"]
[EventType "team-swiss"]
[EventDate "2022.12.26"]

1. e4 {[%emt 0:00:56]} c5 {[%emt 0:00:07]} 2. Nf3 {[%emt 0:00:05]} e6 {[%emt
0:00:05]} 3. b3 {[%emt 0:04:07]} b6 {[%emt 0:00:08]} 4. Bb2 {[%emt 0:01:33]}
Bb7 {[%emt 0:00:10]} 5. Qe2 {[%emt 0:01:15]} Nc6 {[%emt 0:05:20]} 6. Nc3 {[%emt
0:00:03]} a6 {[%emt 0:00:17]} 7. O-O-O {[%emt 0:08:27]} b5 {[%emt 0:02:46]} 8.
h4 {[%emt 0:07:19]} Nf6 {[%emt 0:16:27]} 9. Nd5 {[%emt 0:09:29]} Nxd5 {[%emt
0:12:48]} 10. exd5 {[%emt 0:00:54]} Nb4 {[%emt 0:01:38]} 11. dxe6 {[%emt
0:01:01]} dxe6 {[%emt 0:00:11]} 12. a3 {[%emt 0:14:49]} Nd5 {[%emt 0:03:56]}
13. Qe5 {[%emt 0:02:42]} Rc8 {[%emt 0:11:56]} 14. Rh3 {[%emt 0:04:36]} Qc7
{[%emt 0:09:19]} 15. Qxc7 {[%emt 0:13:43]} Rxc7 {[%emt 0:00:08]} 16. Be5 {[%emt
0:00:07]} Rd7 {[%emt 0:06:13]} 17. Kb2 {[%emt 0:04:23]} f6 {[%emt 0:03:45]} 18.
Bh2 {[%emt 0:00:09]} e5 {[%emt 0:05:19]} 19. h5 {[%emt 0:02:51]} Be7 {[%emt
0:05:20]} 20. Bd3 {[%emt 0:01:28]} O-O {[%emt 0:03:40]} 21. Nh4 {[%emt
0:01:14]} Rfd8 {[%emt 0:03:12]} 22. Bf5 {[%emt 0:05:44]} Rd6 {[%emt 0:00:11]}
23. Ng6 {[%emt 0:01:23]} Bf8 {[%emt 0:04:23]} 24. Nxf8 {[%emt 0:01:28]} Rxf8
{[%emt 0:00:08]} 25. Be4 {[%emt 0:01:55]} Rfd8 {[%emt 0:04:34]} 26. d3 {[%emt
0:02:01]} Bc8 {[%emt 0:02:42]} 27. Rh4 {[%emt 0:01:38]} Be6 {[%emt 0:02:57]}
28. Re1 {[%emt 0:01:10]} Bf7 {[%emt 0:01:12]} 29. f3 {[%emt 0:01:32]} R6d7
{[%emt 0:00:45]} 30. g4 {[%emt 0:00:54]} c4 {[%emt 0:00:37]} 31. dxc4 {[%emt
0:01:09]} bxc4 {[%emt 0:00:06]} 32. g5 {[%emt 0:00:32]} cxb3 {[%emt 0:00:29]}
33. g6 {[%emt 0:00:30]} Be6 {[%emt 0:00:07]} 34. gxh7 {[%emt 0:00:09]} Kh8
{[%emt 0:00:05]} 35. cxb3 {[%emt 0:00:24]} Nc7 {[%emt 0:01:20]} 36. Rc1 {[%emt
0:00:53]} Nb5 {[%emt 0:00:10]} 37. a4 {[%emt 0:00:26]} Nd4 {[%emt 0:01:06]} 38.
Bg1 {[%emt 0:00:38]} Ne2 {[%emt 0:00:40]} 39. Rc6 {[%emt 0:00:26]} Rd2 {[%emt
0:00:17]} 40. Ka3 {[%emt 0:00:36]} Bxb3 {[%emt 0:00:48]} 41. Bb6 {[%emt
0:18:49]} Rb8 {[%emt 0:12:02]} 42. h6 {[%emt 0:05:12]} Bf7 {[%emt 0:08:18]} 43.
hxg7 {[%emt 0:01:40]} Kxg7 {[%emt 0:00:02]} 44. h8=Q {[%emt 0:02:26]} Rxh8
{[%emt 0:00:05]} 45. Rg4 {[%emt 0:00:09]} Kf8 {[%emt 0:08:06]} 46. Bc5 {[%emt
0:00:42]} 1-0

[Event "DVM U20 2022"]
[Site "Münster GER"]
[Date "2022.12.27"]
[Round "2"]
[White "Fock, Amina"]
[Black "Bartelt, Max Peter"]
[Result "0-1"]
[Termination "normal"]
[Board "3.4"]
[WhiteElo "1827"]
[BlackElo "2026"]
[WhiteClock "00:02:36"]
[BlackClock "00:23:53"]
[WhiteTeam "SC Kreuzberg e.V."]
[BlackTeam "Schachfreunde Brackel 1930 e. V."]
[PlyCount "66"]
[WhiteFideId "12981982"]
[BlackFideId "12967289"]
[EventCountry "GER"]
[EventRounds "7"]
[EventType "team-swiss"]
[EventDate "2022.12.26"]

1. e4 {[%emt 0:00:01]} e6 {[%emt 0:00:10]} 2. d4 {[%emt 0:00:06]} d5 {[%emt
0:00:11]} 3. Nd2 {[%emt 0:00:08]} c5 {[%emt 0:01:02]} 4. exd5 {[%emt 0:00:10]}
Qxd5 {[%emt 0:00:06]} 5. Ngf3 {[%emt 0:00:10]} cxd4 {[%emt 0:01:33]} 6. Bc4
{[%emt 0:00:51]} Qd7 {[%emt 0:02:45]} 7. Nb3 {[%emt 0:01:47]} Nc6 {[%emt
0:02:34]} 8. O-O {[%emt 0:03:17]} a6 {[%emt 0:01:50]} 9. Nbxd4 {[%emt 0:02:44]}
Nxd4 {[%emt 0:04:22]} 10. Nxd4 {[%emt 0:00:29]} Qc7 {[%emt 0:01:48]} 11. Bb3
{[%emt 0:04:57]} Bd6 {[%emt 0:01:16]} 12. h3 {[%emt 0:02:37]} Ne7 {[%emt
0:00:23]} 13. c3 {[%emt 0:07:10]} O-O {[%emt 0:00:44]} 14. Qh5 {[%emt 0:07:40]}
Ng6 {[%emt 0:00:30]} 15. Nf3 {[%emt 0:01:08]} Nf4 {[%emt 0:07:15]} 16. Bxf4
{[%emt 0:09:57]} Bxf4 {[%emt 0:00:30]} 17. Bc2 {[%emt 0:01:02]} h6 {[%emt
0:03:15]} 18. g3 {[%emt 0:09:09]} Bd6 {[%emt 0:02:04]} 19. Rad1 {[%emt
0:04:33]} Bd7 {[%emt 0:17:18]} 20. Nh2 {[%emt 0:06:21]} Be8 {[%emt 0:11:34]}
21. Ng4 {[%emt 0:10:46]} f5 {[%emt 0:06:30]} 22. Nxh6 {[%emt 0:00:30]} gxh6
{[%emt 0:00:07]} 23. Qxh6 {[%emt 0:00:18]} Qe7 {[%emt 0:07:47]} 24. Rxd6 {[%emt
0:18:29]} Qxd6 {[%emt 0:00:25]} 25. Qg5 {[%emt 0:00:06]} Kh7 {[%emt 0:01:26]}
26. Rd1 {[%emt 0:01:25]} Qe5 {[%emt 0:01:19]} 27. Rd4 {[%emt 0:02:43]} Bg6
{[%emt 0:01:28]} 28. h4 {[%emt 0:01:47]} Qf6 {[%emt 0:01:37]} 29. Rd7 {[%emt
0:00:21]} Kg8 {[%emt 0:00:04]} 30. Qh6 {[%emt 0:01:54]} Rf7 {[%emt 0:00:19]}
31. Rxf7 {[%emt 0:00:32]} Qxf7 {[%emt 0:00:08]} 32. Bb3 {[%emt 0:00:43]} Re8
{[%emt 0:00:21]} 33. Qg5 {[%emt 0:00:37]} Qg7 {[%emt 0:00:21]} 0-1

[Event "DVM U20 2022"]
[Site "Münster GER"]
[Date "2022.12.27"]
[Round "2"]
[White "Skabs, Denis"]
[Black "Rose, Luis Stratos"]
[Result "1-0"]
[Termination "normal"]
[Board "3.5"]
[WhiteElo "2021"]
[BlackElo "1651"]
[WhiteClock "00:08:04"]
[BlackClock "00:02:17"]
[WhiteTeam "Schachfreunde Brackel 1930 e. V."]
[BlackTeam "SC Kreuzberg e.V."]
[PlyCount "77"]
[WhiteFideId "16248449"]
[BlackFideId "12976008"]
[EventCountry "GER"]
[EventRounds "7"]
[EventType "team-swiss"]
[EventDate "2022.12.26"]

1. e4 {[%emt 0:00:03]} d6 {[%emt 0:00:05]} 2. d4 {[%emt 0:00:05]} g6 {[%emt
0:00:04]} 3. Nc3 {[%emt 0:00:17]} Bg7 {[%emt 0:00:05]} 4. f4 {[%emt 0:00:10]}
c6 {[%emt 0:00:14]} 5. Nf3 {[%emt 0:00:20]} d5 {[%emt 0:00:12]} 6. e5 {[%emt
0:02:32]} h5 {[%emt 0:00:15]} 7. Bd3 {[%emt 0:02:35]} Nh6 {[%emt 0:01:01]} 8.
Nh4 {[%emt 0:04:36]} Bg4 {[%emt 0:02:33]} 9. Ne2 {[%emt 0:06:51]} e6 {[%emt
0:07:44]} 10. g3 {[%emt 0:01:38]} Nf5 {[%emt 0:07:58]} 11. Nxf5 {[%emt
0:01:57]} Bxf5 {[%emt 0:00:20]} 12. a4 {[%emt 0:05:58]} Nd7 {[%emt 0:04:42]}
13. b3 {[%emt 0:02:44]} Bf8 {[%emt 0:09:06]} 14. Bxf5 {[%emt 0:06:51]} gxf5
{[%emt 0:00:10]} 15. Ba3 {[%emt 0:00:08]} Bxa3 {[%emt 0:01:46]} 16. Rxa3 {[%emt
0:00:09]} c5 {[%emt 0:05:16]} 17. O-O {[%emt 0:11:18]} h4 {[%emt 0:10:18]} 18.
Kg2 {[%emt 0:12:06]} Qb6 {[%emt 0:04:46]} 19. Qd2 {[%emt 0:07:34]} Rc8 {[%emt
0:03:47]} 20. c3 {[%emt 0:00:59]} Ke7 {[%emt 0:04:14]} 21. Rc1 {[%emt 0:03:25]}
hxg3 {[%emt 0:02:41]} 22. hxg3 {[%emt 0:00:22]} Rh7 {[%emt 0:01:46]} 23. b4
{[%emt 0:01:26]} Rch8 {[%emt 0:01:43]} 24. Raa1 {[%emt 0:05:54]} Rh2 {[%emt
0:01:06]} 25. Kf3 {[%emt 0:00:19]} Qd8 {[%emt 0:04:34]} 26. bxc5 {[%emt
0:03:31]} Qc8 {[%emt 0:05:46]} 27. Rab1 {[%emt 0:01:05]} Qc6 {[%emt 0:02:36]}
28. Qb2 {[%emt 0:03:55]} Qc8 {[%emt 0:09:31]} 29. Qxb7 {[%emt 0:09:37]} Qg8
{[%emt 0:00:21]} 30. Qa6 {[%emt 0:00:29]} Qg4 {[%emt 0:00:36]} 31. Ke3 {[%emt
0:00:04]} R8h3 {[%emt 0:04:19]} 32. Rg1 {[%emt 0:00:13]} Kf8 {[%emt 0:04:37]}
33. c6 {[%emt 0:02:06]} Nb6 {[%emt 0:00:42]} 34. Rxb6 {[%emt 0:00:05]} axb6
{[%emt 0:00:04]} 35. c7 {[%emt 0:00:05]} Rxe2 {[%emt 0:01:54]} 36. Qxe2 {[%emt
0:00:06]} Rxg3 {[%emt 0:00:06]} 37. Rxg3 {[%emt 0:00:05]} Qxg3 {[%emt 0:00:04]}
38. Kd2 {[%emt 0:00:15]} Qxf4 {[%emt 0:00:06]} 39. Kc2 {[%emt 0:00:07]} 1-0

[Event "DVM U20 2022"]
[Site "Münster GER"]
[Date "2022.12.27"]
[Round "2"]
[White "Lohr, Maximilian"]
[Black "Stelmaszyk, Nico"]
[Result "0-1"]
[Termination "normal"]
[Board "4.1"]
[BlackTitle "FM"]
[WhiteElo "2133"]
[BlackElo "2368"]
[WhiteClock "00:02:28"]
[BlackClock "00:01:11"]
[WhiteTeam "FC Ergolding 1932 e.V."]
[BlackTeam "SK Lehrte von 1919 e. V."]
[PlyCount "60"]
[WhiteFideId "12999717"]
[BlackFideId "16200462"]
[EventCountry "GER"]
[EventRounds "7"]
[EventType "team-swiss"]
[EventDate "2022.12.26"]

1. e4 {[%emt 0:00:02]} c5 2. Nf3 e6 3. b3 b6 4. Bb2 Bb7 5. Qe2 Nc6 6. Nc3 Nf6
7. O-O-O Nd4 8. Qd3 Ng4 9. Nxd4 Nxf2 10. Qf3 Nxd1 11. Nxe6 fxe6 12. Nxd1 Qe7
13. Nc3 O-O-O 14. Qg3 d6 15. Bd3 a6 16. Rf1 Kb8 17. Nd1 Ka7 18. Ne3 Rd7 19. c4
e5 20. Nf5 Qe8 21. Qe3 g6 22. Nh4 Rf7 23. Nf3 h5 24. h4 Bh6 25. Qe1 Rhf8 26.
Kb1 Qe6 27. Bc2 Qg4 28. Rg1 Bf4 29. d3 Bg3 30. Qd2 Bxh4 0-1

[Event "DVM U20 2022"]
[Site "Münster GER"]
[Date "2022.12.27"]
[Round "2"]
[White "Meiwes, Thore"]
[Black "Mooser, Nicolas"]
[Result "1-0"]
[Termination "normal"]
[Board "4.2"]
[WhiteElo "2081"]
[BlackElo "2095"]
[WhiteClock "01:22:31"]
[BlackClock "01:01:41"]
[WhiteTeam "SK Lehrte von 1919 e. V."]
[BlackTeam "FC Ergolding 1932 e.V."]
[PlyCount "93"]
[WhiteFideId "16201256"]
[BlackFideId "12979406"]
[EventCountry "GER"]
[EventRounds "7"]
[EventType "team-swiss"]
[EventDate "2022.12.26"]

1. d4 d5 {[%emt 0:00:04]} 2. Nf3 {[%emt 0:00:05]} e6 {[%emt 0:00:07]} 3. Bf4
{[%emt 0:00:05]} Nf6 {[%emt 0:00:13]} 4. e3 {[%emt 0:00:02]} Bd6 {[%emt
0:00:33]} 5. Nbd2 {[%emt 0:00:03]} c5 {[%emt 0:00:34]} 6. c3 {[%emt 0:00:10]}
O-O {[%emt 0:03:07]} 7. Bd3 {[%emt 0:00:07]} Bxf4 {[%emt 0:01:57]} 8. exf4
{[%emt 0:00:03]} Qb6 {[%emt 0:00:55]} 9. Rb1 {[%emt 0:00:24]} cxd4 {[%emt
0:01:09]} 10. Nxd4 {[%emt 0:00:15]} Qd6 {[%emt 0:01:46]} 11. g3 {[%emt
0:03:16]} e5 {[%emt 0:05:23]} 12. fxe5 {[%emt 0:00:02]} Qxe5 {[%emt 0:00:23]}
13. Qe2 {[%emt 0:00:05]} Qxe2 {[%emt 0:02:38]} 14. Bxe2 {[%emt 0:01:53]} Bh3
{[%emt 0:03:08]} 15. f3 {[%emt 0:00:17]} Bd7 {[%emt 0:09:05]} 16. Kf2 {[%emt
0:02:23]} Nc6 {[%emt 0:00:52]} 17. N2b3 {[%emt 0:01:46]} a5 {[%emt 0:05:22]}
18. Nb5 {[%emt 0:06:04]} Bf5 19. Rbd1 Rfd8 20. N3d4 Bg6 21. Na3 Kf8 22. Rd2
Rac8 23. Rhd1 h6 24. Bb5 Rd6 25. Ne2 Bf5 26. Ba4 Rdd8 27. Bb3 Be6 28. Nf4 Ne7
29. Nc2 b5 30. Nxe6 fxe6 31. Nd4 Rd6 32. Nxb5 Rb6 33. a4 Nf5 34. Re1 Kf7 35.
Rde2 Nd7 36. Bc2 Ne7 37. f4 Nf8 38. Bd3 Rd8 39. Nd4 Rdb8 40. Bb5 Nc8 41. Nc6
Ra8 42. c4 dxc4 43. Ne5 Kf6 44. Nxc4 Rbb8 45. Ne5 Nd6 46. Nd7 Nxd7 47. Rxe6 1-0

[Event "DVM U20 2022"]
[Site "Münster GER"]
[Date "2022.12.27"]
[Round "2"]
[White "Lichtmannecker, Daniel"]
[Black "Reimer, Philip"]
[Result "1/2-1/2"]
[Termination "normal"]
[Board "4.3"]
[WhiteElo "2106"]
[BlackElo "2144"]
[WhiteClock "00:03:56"]
[BlackClock "00:06:37"]
[WhiteTeam "FC Ergolding 1932 e.V."]
[BlackTeam "SK Lehrte von 1919 e. V."]
[PlyCount "53"]
[WhiteFideId "12979414"]
[BlackFideId "16235860"]
[EventCountry "GER"]
[EventRounds "7"]
[EventType "team-swiss"]
[EventDate "2022.12.26"]

1. e4 {[%emt 0:00:06]} c5 {[%emt 0:00:10]} 2. Nf3 {[%emt 0:00:19]} e6 {[%emt
0:00:06]} 3. b3 {[%emt 0:00:26]} Nc6 {[%emt 0:01:40]} 4. Bb2 {[%emt 0:00:53]}
d5 {[%emt 0:00:58]} 5. exd5 {[%emt 0:01:04]} exd5 {[%emt 0:02:40]} 6. Bb5
{[%emt 0:03:30]} Nf6 {[%emt 0:01:05]} 7. Qe2 {[%emt 0:04:22]} Be6 {[%emt
0:02:39]} 8. O-O {[%emt 0:09:34]} h6 {[%emt 0:13:49]} 9. Ne5 {[%emt 0:10:09]}
Qc7 {[%emt 0:14:48]} 10. Re1 {[%emt 0:07:53]} Be7 {[%emt 0:00:48]} 11. Ng6
{[%emt 0:05:59]} Rg8 {[%emt 0:05:58]} 12. Nxe7 {[%emt 0:02:35]} Kxe7 {[%emt
0:09:56]} 13. Bxc6 {[%emt 0:03:03]} Qxc6 {[%emt 0:08:14]} 14. d4 {[%emt
0:01:26]} Kd7 {[%emt 0:15:01]} 15. dxc5 {[%emt 0:11:19]} Rad8 {[%emt 0:00:27]}
16. Nc3 {[%emt 0:02:03]} Qxc5 {[%emt 0:02:10]} 17. Na4 {[%emt 0:08:22]} Qc6
{[%emt 0:01:47]} 18. Bd4 {[%emt 0:00:26]} b6 {[%emt 0:01:40]} 19. Qa6 {[%emt
0:02:33]} Ra8 {[%emt 0:00:53]} 20. Re3 {[%emt 0:04:15]} Ne4 {[%emt 0:03:31]}
21. f3 {[%emt 0:06:17]} Nd6 {[%emt 0:05:52]} 22. Rc3 {[%emt 0:06:24]} Qb5
{[%emt 0:01:05]} 23. Qxb5 {[%emt 0:01:30]} Nxb5 {[%emt 0:00:06]} 24. Rd3 {[%emt
0:00:17]} Nxd4 {[%emt 0:00:20]} 25. Rxd4 {[%emt 0:00:05]} Ke7 {[%emt 0:00:11]}
26. Nc3 {[%emt 0:01:51]} Rgd8 {[%emt 0:00:52]} 27. Rad1 {[%emt 0:03:28]}
1/2-1/2

[Event "DVM U20 2022"]
[Site "Münster GER"]
[Date "2022.12.27"]
[Round "2"]
[White "Dornieden, Jonas"]
[Black "Astner, Sebastian"]
[Result "1-0"]
[Termination "normal"]
[Board "4.4"]
[WhiteElo "2073"]
[BlackElo "1973"]
[WhiteClock "00:09:35"]
[BlackClock "00:56:01"]
[WhiteTeam "SK Lehrte von 1919 e. V."]
[BlackTeam "FC Ergolding 1932 e.V."]
[PlyCount "45"]
[WhiteFideId "1336460"]
[BlackFideId "12979422"]
[EventCountry "GER"]
[EventRounds "7"]
[EventType "team-swiss"]
[EventDate "2022.12.26"]

1. e4 {[%emt 0:00:02]} e5 {[%emt 0:00:05]} 2. Nf3 {[%emt 0:00:06]} Nf6 {[%emt
0:00:04]} 3. Nxe5 {[%emt 0:03:04]} Nxe4 {[%emt 0:00:07]} 4. Qe2 {[%emt
0:04:59]} Qe7 {[%emt 0:00:05]} 5. Qxe4 {[%emt 0:00:14]} d6 {[%emt 0:00:06]} 6.
d4 {[%emt 0:02:24]} dxe5 {[%emt 0:00:07]} 7. dxe5 {[%emt 0:06:32]} Nc6 {[%emt
0:01:12]} 8. Bf4 {[%emt 0:12:17]} g5 {[%emt 0:01:42]} 9. Bd2 {[%emt 0:00:37]}
f5 {[%emt 0:02:12]} 10. Qe3 {[%emt 0:06:52]} f4 {[%emt 0:02:31]} 11. Qe4 {[%emt
0:01:37]} Bg7 {[%emt 0:03:52]} 12. Nc3 {[%emt 0:04:25]} O-O {[%emt 0:03:05]}
13. Bc4 {[%emt 0:08:20]} Kh8 {[%emt 0:02:45]} 14. e6 {[%emt 0:08:48]} Nd4
{[%emt 0:04:50]} 15. O-O-O {[%emt 0:07:13]} c6 {[%emt 0:04:07]} 16. h4 {[%emt
0:03:13]} g4 {[%emt 0:06:52]} 17. Bxf4 {[%emt 0:05:02]} b5 {[%emt 0:08:37]} 18.
Rxd4 {[%emt 0:07:59]} bxc4 {[%emt 0:01:26]} 19. Bd6 {[%emt 0:04:02]} Qf6 {[%emt
0:00:57]} 20. Bxf8 {[%emt 0:01:57]} Qxd4 {[%emt 0:00:14]} 21. Bxg7 {[%emt
0:01:01]} Qxg7 {[%emt 0:00:04]} 22. e7 {[%emt 0:01:11]} Bd7 {[%emt 0:00:33]}
23. Rd1 {[%emt 0:00:23]} 1-0